Statistics for Pokémon - Last Two Letters Of One Are The First Two Letters Of The Next

Click here to take the quiz!

General Stats

  • This quiz has been taken 144 times
  • The average score is 9 of 15

Answer Stats

GenType 1Type 2Answer% Correct
3GrassWaterLudicolo
95%
3GrassWaterLombre
91%
5DragonFireReshiram
84%
1WaterPoisonTentacruel
77%
6RockIceAmaura
68%
1Normal-Raticate
67%
4Electric-Electivire
65%
2GrassPsychicCelebi
58%
3Ice-Regice
53%
6RockWaterBinacle
52%
2BugFlyingLedyba
48%
2BugFlyingLedian
43%
6RockWaterBarbaracle
42%
3RockBugAnorith
40%
5ElectricFlyingThundurus
29%

Score Distribution

Percentile by Number Answered

Percent of People with Each Score

Your Score History

You have not taken this quiz